| 000 -LEADER |
| fixed length control field |
01553cam a22004097a 4500 |
| 001 - CONTROL NUMBER |
| control field |
9060006 |
| 003 - CONTROL NUMBER IDENTIFIER |
| control field |
OSt |
| 005 - DATE AND TIME OF LATEST TRANSACTION |
| control field |
20211209105420.0 |
| 006 - FIXED-LENGTH DATA ELEMENTS--ADDITIONAL MATERIAL CHARACTERISTICS |
| fixed length control field |
m d |
| 007 - PHYSICAL DESCRIPTION FIXED FIELD--GENERAL INFORMATION |
| fixed length control field |
cr n |
| 008 - FIXED-LENGTH DATA ELEMENTS--GENERAL INFORMATION |
| fixed length control field |
100927s2011 gw a fsb 001 0 eng d |
| 020 ## - INTERNATIONAL STANDARD BOOK NUMBER |
| International Standard Book Number |
9783642129025 |
| 035 ## - SYSTEM CONTROL NUMBER |
| System control number |
(WaSeSS)ssj0000508085 |
| 038 ## - RECORD CONTENT LICENSOR |
| Staff Name |
khadija |
| 040 ## - CATALOGING SOURCE |
| Original cataloging agency |
Nz |
| Transcribing agency |
UW1 |
| Modifying agency |
BTCTA |
| -- |
YDXCP |
| -- |
PAU |
| -- |
OHX |
| -- |
IUL |
| -- |
OCLCO |
| -- |
DLC |
| -- |
WaSeSS |
| 042 ## - AUTHENTICATION CODE |
| Authentication code |
lccopycat |
| 050 #4 - LIBRARY OF CONGRESS CALL NUMBER |
| Classification number |
TK7874 |
| Item number |
.D4744 2011 |
| 050 #4 - LIBRARY OF CONGRESS CALL NUMBER |
| Classification number |
TK7875 |
| 082 04 - DEWEY DECIMAL CLASSIFICATION NUMBER |
| Classification number |
658.5752 |
| Edition number |
22 |
| Author Mark |
DES |
| 210 10 - ABBREVIATED TITLE |
| Abbreviated title |
Design and manufacturing of active microsystems |
| 245 00 - TITLE STATEMENT |
| Title |
Design and manufacturing of active microsystems / |
| Statement of responsibility, etc. |
Stephanus Büttgenbach, Arne Burisch, Jürgen Hesselbach, editors. |
| 260 ## - PUBLICATION, DISTRIBUTION, ETC. |
| Place of publication, distribution, etc. |
Heidelberg, [Germany] : |
| Name of publisher, distributor, etc. |
Springer, |
| Date of publication, distribution, etc. |
c2011. |
| 490 0# - SERIES STATEMENT |
| Series statement |
Microtechnology and MEMS, |
| International Standard Serial Number |
1615-8326 |
| 504 ## - BIBLIOGRAPHY, ETC. NOTE |
| Bibliography, etc. note |
Includes bibliographical references and index. |
| 506 ## - RESTRICTIONS ON ACCESS NOTE |
| Terms governing access |
License restrictions may limit access. |
| 563 ## - BINDING INFORMATION |
| Binding note |
HB |
| 650 #0 - SUBJECT ADDED ENTRY--TOPICAL TERM |
| Topical term or geographic name entry element |
Microelectronics. |
| 9 (RLIN) |
86174 |
| 650 #0 - SUBJECT ADDED ENTRY--TOPICAL TERM |
| Topical term or geographic name entry element |
Microelectromechanical systems. |
| 9 (RLIN) |
86175 |
| 700 1# - ADDED ENTRY--PERSONAL NAME |
| Personal name |
Büttgenbach, S. |
| Fuller form of name |
(Stephanus), |
| Dates associated with a name |
1945- |
| 9 (RLIN) |
86176 |
| 700 1# - ADDED ENTRY--PERSONAL NAME |
| Personal name |
Burisch, Arne. |
| 9 (RLIN) |
86177 |
| 700 1# - ADDED ENTRY--PERSONAL NAME |
| Personal name |
Hesselbach, Jürgen. |
| 9 (RLIN) |
86178 |
| 773 #0 - HOST ITEM ENTRY |
| Title |
SpringerLink ebooks - Chemistry and Materials Science (2011) |
| 830 #0 - SERIES ADDED ENTRY--UNIFORM TITLE |
| Uniform title |
Microtechnology and MEMS. |
| 9 (RLIN) |
86179 |
| 856 40 - ELECTRONIC LOCATION AND ACCESS |
| Uniform Resource Identifier |
<a href="http://www.columbia.edu/cgi-bin/cul/resolve?clio9060006">http://www.columbia.edu/cgi-bin/cul/resolve?clio9060006</a> |
| Public note |
Full text available from SpringerLink ebooks - Chemistry and Materials Science (2011) |
| 910 ## - USER-OPTION DATA (OCLC) |
| User-option data |
Library of Congress record |
| 942 ## - ADDED ENTRY ELEMENTS (KOHA) |
| Source of classification or shelving scheme |
|
| Koha item type |
Book |